1 Perk from every killer - Statistics

General Stats
  • This quiz has been taken 5 times
  • The average score is 33 of 40
Answer Stats
Hint Answer % Correct
Trapper Agitation | Brutal Strength | Unnerving Presence
100%
Nurse A Nurse's Calling | Stridor | Thanatophobia
100%
Clown Bamboozle | Coulrophobia | Pop Goes the Weasel
100%
Cannibal Barbecue & Chilli | Franklin's Demise | Knock Out
100%
Huntress Beast of Prey | Hex: Huntress Lullaby | Territorial Imperative
100%
Oni Blood Echo | Nemesis | Zanshin Tactics
100%
Wraith Bloodhound | Predator | Shadowborn
100%
Nightmare Blood Warden | Fire Up | Remember Me
100%
Plague Corrupt Intervention | Dark Devotion | Infectious Fright
100%
The Twins Coup de Grace | Hoarder | Oppression
100%
Deathslinger Dead Man's Switch | Gearhead | Hex: Retribution
100%
Executioner Deathbound | Forced Penance | Trail of Torment
100%
Legion Discordance | Iron Maiden | Mad Grit
100%
Blight Dragon's Grip | Hex: Blood Favour | Hex: Undying
100%
Shape Dying Light | Play with Your Food | Save the Best for Last
100%
Hillbilly Enduring | Lightborn | Tinkerer
100%
Nemesis Eruption | Hysteria | Lethal Pursuer
100%
Ghostface Furtive Chase | I'm All Ears | Thrilling Tremors
100%
Trickster Hex: Crowd Control | No Way Out | Starstruck
100%
Hag Hex: Devour Hope | Hex: Ruin | Hex: The Third Seal
100%
Spirit Hex: Haunted Ground | Rancor | Spirit Fury
100%
Pig Make Your Choice | Scourge Hook: Hangman's Trick | Surveillance
100%
Xenomorph Alien Instinct | Rapid Brutality | Ultimate Weapon
75%
Good Guy Batteries Included | Friends 'til the End | Hex: Two Can Play
75%
Onryo Call of Brine | Merciless Storm | Scourge Hook: Floods of Rage
75%
Demogorgon Cruel Limits | Mindbreaker | Surge
75%
Dredge Darkness Revealed | Dissolution | Septic Touch
75%
Singularity Forced Hesitation | Genetic Limits | Machine Learning
75%
Artist Grim Embrace | Hex: Pentimento | Scourge Hook: Pain Resonance
75%
Doctor Monitor & Abuse | Overcharge | Overwhelming Presence
75%
Houndmaster All-Shaking Thunder | No Quarter | Scourge Hook: Jagged Compass
50%
Mastermind Awakened Awareness | Superior Anatomy | Terminus
50%
Lich Dark Arrogance | Languid Touch | Weave Attunement
50%
Ghoul Forever Entwined | Hex: Nothing But Misery | None Are Free
50%
Skull Merchant Game Afoot | Leverage | THWACK!
50%
Knight Hex: Face the Darkness | Hubris | Nowhere to Hide
50%
Cenobite Hex: Fortune's Fool | No Holds Barred | Scourge Hook: Weeping Wounds
50%
Springtrap Phantom Fear | Haywire | Help Wanted
50%
Unknown Unbound | Undone | Unforeseen
50%
Dark Lord Dominance | Hex: Wretched Fate | Human Greed
25%
No matching quizzes found
Score Distribution
Percent of People with Each Score
Percentile by Number Answered
Your Score History
You have not taken this quiz